000 00592nas a22001697a 4500
008 130219t20009999ag ||||| |||| 00| 0 spa d
245 _aBoletín sobre SIDA en la Argentina
260 _aBuenos Aires,
_bMinisterio de Salud de la Nación:
_c2000
300 _av. :
310 _atrimestral
546 _aespañol
590 _aExistencias: 2000 7(19); 2001 8(20); 2002 9(21)
650 _aSINDROME DE INMUNODEFICIENCIA ADQUIRIDA-ARGENTINA
_91883
650 _aSINDROME DE INMUNODEFICIENCIA ADQUIRIDA-BOLETIN
_91884
856 _uhttp://www.msal.gov.ar/sida/boletines.html
942 _2ddc
_cCR
999 _c1154
_d1154